000 00534nam a22001817a 4500
005 20250326141838.0
008 250326b |||||||| |||| 00| 0 eng d
020 _a9781787152489
041 _aEng.
082 _a332.6725 PER
100 _aPerelman, Miriam
245 _aHandbook of Corporate Social Responsibility
260 _aUK
_bKruger Brentt Publisher
_c2024
300 _a505;. P. 25 cm
650 _aInstitutional Investments-Social Aspects; Social Responsibility Of Business
700 _aBloch, Fritz
942 _cBK
999 _c43411
_d43411